<?xml version="1.0" encoding="UTF-8"?><?xml-stylesheet type="text/xsl" href="static/style.xsl"?><OAI-PMH xmlns="http://www.openarchives.org/OAI/2.0/" xmlns:xsi="http://www.w3.org/2001/XMLSchema-instance" xsi:schemaLocation="http://www.openarchives.org/OAI/2.0/ http://www.openarchives.org/OAI/2.0/OAI-PMH.xsd"><responseDate>2026-06-07T04:53:19Z</responseDate><request verb="GetRecord" identifier="oai:riuma.uma.es:10630/15092" metadataPrefix="marc">https://riuma.uma.es/rest/oai/request</request><GetRecord><record><header><identifier>oai:riuma.uma.es:10630/15092</identifier><datestamp>2026-02-03T12:35:31Z</datestamp><setSpec>com_10630_2254</setSpec><setSpec>col_10630_37957</setSpec></header><metadata><record xmlns="http://www.loc.gov/MARC21/slim" xmlns:dcterms="http://purl.org/dc/terms/" xmlns:doc="http://www.lyncode.com/xoai" xmlns:xsi="http://www.w3.org/2001/XMLSchema-instance" xsi:schemaLocation="http://www.loc.gov/MARC21/slim http://www.loc.gov/standards/marcxml/schema/MARC21slim.xsd">
   <leader>00925njm 22002777a 4500</leader>
   <datafield ind2=" " ind1=" " tag="042">
      <subfield code="a">dc</subfield>
   </datafield>
   <datafield ind2=" " ind1=" " tag="720">
      <subfield code="a">Vera Estrada, Francisco</subfield>
      <subfield code="e">author</subfield>
   </datafield>
   <datafield ind2=" " ind1=" " tag="260">
      <subfield code="c">2017-06-02</subfield>
   </datafield>
   <datafield ind2=" " ind1=" " tag="520">
      <subfield code="a">Esta tesis presenta un trabajo de investigación, cuyo objetivo fue conocer y analizar la incidencia del programa específico “Hoy jugamos en clase” para el fomento de la actividad física recreativa durante los recreos escolares en el alumnado de sexto de Educación Primaria; e investigar el impacto del programa aplicado tras su finalización. El desarrollo del trabajo de campo se concretó en la implementación de un programa específico desde el currículum de la asignatura de Educación Física. Una vez finalizada la aplicación del citado programa, a los 30 días se comprobó los niveles de motricidad y sí se mantenía el incremento del volumen de actividad física acumulada. Se utilizaron podómetros como instrumento de investigación. A través de ellos se cuantificó el número de pasos en cada una de las tomas de datos. El análisis de los resultados obtenidos se realizó a través del tratamiento estadístico de los datos, atendiendo a sus descriptivos básicos y a la comparación de medias a través de la prueba “t de Student”. Las conclusiones obtenidas en el proceso de investigación, permiten afirmar que la aplicación del programa específico objeto de estudio incide positivamente sobre el incremento del volumen de actividad física que realiza el alumnado en el recreo escolar y que, pasados treinta días desde su aplicación, el alumnado retiene parte del incremento de actividad física.</subfield>
   </datafield>
   <datafield ind1="8" ind2=" " tag="024">
      <subfield code="a">https://hdl.handle.net/10630/15092</subfield>
   </datafield>
   <datafield tag="653" ind2=" " ind1=" ">
      <subfield code="a">Educación física para niños - Tesis doctorales</subfield>
   </datafield>
   <datafield ind2="0" ind1="0" tag="245">
      <subfield code="a">Influencia del programa hoy jugamos en clase sobre la actividad recreativa del alumnado del Ceip. Tartessos</subfield>
   </datafield>
</record>
</metadata></record></GetRecord></OAI-PMH>